Vista normal
Vista MARC
Entrada Topical Term
Número de registros utilizados en: 1
001 - CONTROL NUMBER
- control field: 28830
003 - CONTROL NUMBER IDENTIFIER
- control field: OSt
005 - DATE AND TIME OF LATEST TRANSACTION
- control field: 20210310224808.0
008 - FIXED-LENGTH DATA ELEMENTS
- fixed length control field: 210310|| aca||aabn | a|a d
040 ## - CATALOGING SOURCE
- Original cataloging agency: OSt
- Transcribing agency: OSt
150 ## - HEADING--TOPICAL TERM
- Topical term or geographic name entry element: #N/A
670 ## - SOURCE DATA FOUND
- Source citation: Work cat.: (OSt): Asociacion de Exportadores de Café en Colombia ASOEXPORT 28828, Memorias del foro hablemos de café realizado durante la LVI asamblea anual de la asociacion nacional de exportadores de café de colombia , 1992